书目信息 |
| 题名: |
校对手册
|
|
| 作者: | ;科学出版社 编辑 | |
| 分册: | ||
| 出版信息: | 北京 科学出版社 1979 |
|
| 页数: | 214页 | |
| 开本: | 19cm | |
| 丛书名: | ||
| 单 册: | ||
| 中图分类: | G232.2-62 | |
| 科图分类: | ||
| 主题词: | 校对--手册 | |
| 电子资源: | ||
| ISBN: | ||
| 000 | 00595nam0 2200229 45 | |
| 001 | 0179002536 | |
| 005 | 20040427160437.4 | |
| 010 | @dCNY1.25@b精装 | |
| 091 | @a17031.101 | |
| 100 | @a19950814d1979 em y0chiy0121 ea | |
| 101 | 0 | @achi |
| 102 | @aCN@b110000 | |
| 105 | @ay z 000yy | |
| 106 | @ar | |
| 200 | 10 | @a校对手册@Ajiao dui shou ce@f科学出版社编辑 |
| 210 | @a北京@c科学出版社@d1979 | |
| 215 | @a214页@d19cm | |
| 606 | @a校对@x手册 | |
| 690 | @aG232.2-62@v3 | |
| 711 | 02 | @a科学出版社@Ake xue chu ban she@4编辑 |
| 801 | 0 | @aCN@bNLC@c20040427 |
| 905 | @f2@b175550-551@dG232.2-62@e4 | |
| 校对手册/科学出版社编辑.-北京:科学出版社,1979 |
| 214页;19cm |
| ISBN (精装):CNY1.25 |
| ● |
| 相关链接 |
|
|
|
|
正题名:校对手册
索取号:G232.2-62/4
 
预约/预借
| 序号 | 登录号 | 条形码 | 馆藏地/架位号 | 状态 | 备注 |
| 1 | 0175550 | 001440319 | 密集书库/ [索取号:G232.2-62/4] | 在馆 | |
| 2 | 0175551 | 000497439 | 密集书库/ [索取号:G232.2-62/4] | 在馆 |